Normal view
MARC view
- Adams, Zoe,
Entry Personal Name
001 - CONTROL NUMBER
- control field: 128776
003 - CONTROL NUMBER IDENTIFIER
- control field: NUST
005 - DATE AND TIME OF LATEST TRANSACTION
- control field: 20250417101638.0
008 - FIXED-LENGTH DATA ELEMENTS
- fixed length control field: 250417|| aca||aabn | a|a d
040 ## - CATALOGING SOURCE
- Original cataloging agency: NUST
- Transcribing agency: NUST
100 ## - HEADING--PERSONAL NAME
- Personal name: Adams, Zoe,
- Dates associated with a name: 1991-
670 ## - SOURCE DATA FOUND
- Source citation: Work cat.: (NUST)0: Deakin, S. F. (Simon F.), author. 128774, Markesinis and Deakin's tort law /
